NFL Teams That Have Lost The Most Super Bowls - Statistics

General Stats
  • This quiz has been taken 245 times
  • The average score is 6 of 8
Answer Stats
# Of Losses Team % Correct
5 New England Patriots
92%
4 Buffalo Bills
91%
3 Dallas Cowboys
81%
5 Denver Broncos
78%
4 Minnesota Vikings
78%
3 Los Angeles Rams
71%
3 Cincinnati Bengals
65%
3 Miami Dolphins
65%
No matching quizzes found
Score Distribution
Percent of People with Each Score
Percentile by Number Answered
Your Score History
You have not taken this quiz